Academy Award Winners for Best Picture - Statistics

General Stats
  • This quiz has been taken 249 times
    162 since last reset
  • The average score is 37 of 92
Answer Stats
Year Director Film % Correct
2019 Bong Joon-ho Parasite
95%
2012 Ben Affleck Argo
79%
2017 Guillermo del Toro The Shape of Water
76%
2009 Kathryn Bigelow The Hurt Locker
71%
2004 Clint Eastwood Million Dollar Baby
69%
2006 Martin Scorsese The Departed
69%
2007 Joel & Ethan Coen No Country for Old Men
67%
2016 Barry Jenkins Moonlight
66%
1997 James Cameron Titanic
66%
2013 Steve McQueen 12 Years a Slave
65%
1995 Mel Gibson Braveheart
65%
2018 Peter Farrelly Green Book
65%
1990 Kevin Costner Dances with Wolves
62%
2000 Ridley Scott Gladiator
62%
2008 Danny Boyle Slumdog Millionaire
62%
1999 Sam Mendes American Beauty
61%
2011 Michel Hazanavicius The Artist
61%
2014 Alejandro G. Iñárritu Birdman or (The Unexpected Virtue of Ignorance)
59%
1972 Francis Ford Coppola The Godfather
59%
1994 Robert Zemeckis Forrest Gump
58%
1977 Woody Allen Annie Hall
56%
2015 Tom McCarthy Spotlight
56%
1993 Steven Spielberg Schindler's List
55%
2010 Tom Hooper The King's Speech
55%
2001 Ron Howard A Beautiful Mind
54%
1992 Clint Eastwood Unforgiven
54%
2005 Paul Haggis Crash
53%
2003 Peter Jackson The Lord of the Rings: The Return of the King
50%
2002 Rob Marshall Chicago
49%
1986 Oliver Stone Platoon
49%
1974 Francis Ford Coppola The Godfather Part II
49%
1991 Jonathan Demme The Silence of the Lambs
48%
1982 Richard Attenborough Gandhi
46%
1998 John Madden Shakespeare in Love
44%
1996 Anthony Minghella The English Patient
44%
1984 Miloš Forman Amadeus
43%
1980 Robert Redford Ordinary People
43%
1988 Barry Levinson Rain Man
43%
1987 Bernardo Bertolucci The Last Emperor
43%
1985 Sydney Pollack Out of Africa
40%
1983 James L. Brooks Terms of Endearment
39%
1978 Michael Cimino The Deer Hunter
39%
1989 Bruce Beresford Driving Miss Daisy
38%
1971 William Friedkin The French Connection
38%
1962 David Lean Lawrence of Arabia
37%
1976 John G. Avildsen Rocky
37%
1979 Robert Benton Kramer vs. Kramer
36%
1975 Miloš Forman One Flew Over the Cuckoo's Nest
36%
1981 Hugh Hudson Chariots of Fire
35%
1939 Victor Fleming Gone with the Wind
35%
1969 John Schlesinger Midnight Cowboy
35%
1973 George Roy Hill The Sting
35%
1948 Laurence Olivier Hamlet
34%
1968 Carol Reed Oliver!
34%
1960 Billy Wilder The Apartment
34%
1954 Elia Kazan On the Waterfront
33%
1965 Robert Wise The Sound of Music
32%
1970 Franklin J. Schaffner Patton
31%
1940 Alfred Hitchcock Rebecca
31%
1961 Robert Wise & Jerome Robbins West Side Story
31%
1927-28 William A. Wellman Wings
30%
1959 William Wyler Ben-Hur
29%
1943 Michael Curtiz Casablanca
29%
1957 David Lean The Bridge on the River Kwai
29%
1964 George Cukor My Fair Lady
28%
1967 Norman Jewison In the Heat of the Night
27%
1966 Fred Zinnemann A Man for All Seasons
25%
1958 Vincente Minnelli Gigi
25%
1934 Frank Capra It Happened One Night
25%
1950 Joseph L. Mankiewicz All About Eve
24%
1955 Delbert Mann Marty
24%
1952 Cecil B. DeMille The Greatest Show on Earth
24%
1963 Tony Richardson Tom Jones
24%
1929-30 Lewis Milestone All Quiet on the Western Front
23%
1953 Fred Zinnemann From Here to Eternity
23%
1941 John Ford How Green Was My Valley
23%
1951 Vincente Minnelli An American in Paris
21%
1956 Michael Anderson Around the World in 80 Days
21%
1928-29 Harry Beaumont The Broadway Melody
21%
1944 Leo McCarey Going My Way
19%
1938 Frank Capra You Can't Take It with You
19%
1932-33 Frank Lloyd Cavalcade
18%
1935 Frank Lloyd Mutiny on the Bounty
18%
1937 William Dieterle The Life of Emile Zola
18%
1930-31 Wesley Ruggles Cimarron
17%
1936 Robert Z. Leonard The Great Ziegfeld
17%
1945 Billy Wilder The Lost Weekend
17%
1931-32 Edmund Goulding Grand Hotel
16%
1942 William Wyler Mrs. Miniver
16%
1949 Robert Rossen All the King's Men
15%
1947 Elia Kazan Gentleman's Agreement
15%
1946 William Wyler The Best Years of Our Lives
15%
No matching quizzes found
Score Distribution
Percent of People with Each Score
Percentile by Number Answered
Your Score History
You have not taken this quiz since the last reset